Reforma verejnej správy v krajinách V4 na prahu vstupu do EÚ

Guardado en:
Detalles Bibliográficos
Autor principal: Péliová, Jana, 1976-
Formato: Capítulo de libro
Lenguaje:eslovaco
Etiquetas: Agregar Etiqueta
Sin Etiquetas, Sea el primero en etiquetar este registro!

MARC

LEADER 00000naa$a2200000$$$4500
001 0062578
005 20240502071716.4
041 0 |a slo 
044 |a SK 
245 1 0 |a Reforma verejnej správy v krajinách V4 na prahu vstupu do EÚ  |c Jana Péliová 
100 1 |a Péliová, Jana, 1976-